Normal view
MARC view
Entry Personal Name
001 - CONTROL NUMBER
- control field: 26430
003 - CONTROL NUMBER IDENTIFIER
- control field: OSt
005 - DATE AND TIME OF LATEST TRANSACTION
- control field: 20230621092302.0
008 - FIXED-LENGTH DATA ELEMENTS
- fixed length control field: 230621|| aca||aabn | a|a d
040 ## - CATALOGING SOURCE
- Original cataloging agency: OSt
- Transcribing agency: OSt
100 ## - HEADING--PERSONAL NAME
- Personal name: ပိင်ႇၺႃႇၼၼ်ႇတ(လွႆၶိူဝ်း)၊
- Titles and other words associated with a name: ၸဝ်ႈ။
670 ## - SOURCE DATA FOUND
- Source citation: Work cat.: (OSt): ပိင်ႇၺႃႇၼၼ်ႇတ(လွႆၶိူဝ်း)၊ ၸဝ်ႈ။, မွၵ်ႇမူဝ်ၶမ်းႁႃႈလူင်ႇလႄႈ တြႃးမင်ႇၵလႃႇ /, 2016 ။